000 01149cam a22003495a 4500
001 014932481
003 OSt
005 20150813115030.0
008 090311s2009 enk frbd f001 0 eng d
020 _a0199556458 (pbk.)
020 _a9780199556458 (pbk.)
040 _aStDuBDS
_beng
_cStDuBDS
_dEG-ScBUE
043 _ae-uk---
082 0 4 _a343.410998
_bBAN
_222
100 1 _aBanks, David,
_d1964-
_938305
245 1 0 _aMcNae's essential law for journalists /
_cDavid Banks, Mark Hanna.
246 3 0 _aEssential law for journalists
250 _a20th ed.
260 _aOxford ;
_aNew York :
_bOxford University Press,
_c2009.
300 _axxxv, 613 p. ;
_c23 cm.
500 _aGlossary : p.573-578
500 _aIndex : p.595-613
504 _aIncludes bibliographical references.
650 0 _aPress law
_zGreat Britain.
_2BUEsh
650 0 _aJournalists
_xLegal status, laws, etc.
_zGreat Britain.
_2BUEsh
651 _2BUEsh
653 _bCOMAME
_cJune2015
_cAugust2015
655 _vreading book
_934232
700 1 _aHanna, Mark,
_d1957 May 10-
700 1 _aMcNae, Leonard Cyril James,
_d1902-
942 _2ddc
_k343.410998 BAN
999 _c19688
_d19660